000 00428nam a2200145 i 4500
001 42407
003 ES-MaACL
007 t|
008 030313s1968 xxu ||||1| spa d
100 1 _aCastrillo, Primo.
_936815
245 1 3 _aEl mar canta mi sueƱo... /
_cPrimo Castrillo.
260 _aNew York :
_b[Las Americas Publishing Co.],
_c1968.
300 _a121 p. :
_b1 retr. aut. ;
_c22 cm.
852 _aES-MaACL
_jG-6718
_bR.65701
999 _c42407
_d42407